000 00450nam a22001697a 4500
003 SGT
020 _a9789386310705
082 _a613.203
_bP20S
100 _aSHARMA, AVANTINA
245 _aPRINCIPLES OF THERAPEUTIC NULRITION DIETETICS
250 _a1ST
260 _aNEW DELHI
_bCBS. PUB.
_c2020
300 _a617
650 _aTHERAPEUTIC NULRITION
653 _aDIETETIES NUTRITION, DIET, FOOD THERAPEUTIC NULRITION DIETEICS
942 _2ddc
_cBK
999 _c22873
_d22873